| 000 | 01048cam a2200241 4500 | ||
|---|---|---|---|
| 001 | X113421 | ||
| 008 | 000000n2001 000 0 eng u | ||
| 035 | _a(Sirsi) u113421 | ||
| 100 | _aBright, K. | ||
| 245 | _aMaking the difference | ||
| 260 | _c2001 | ||
| 490 |
_aPremises and Facilities Management _vJune 2001, 24-25(2) |
||
| 520 | _aExamines how attention to detail and consideration of users needs can ensure that the design and layout of a building is more inclusive for all as well as permitting employers and service providers to meet their obligations under the Disability Discrimination Act 1995. Particular attention is paid to the use of colour, contrast, finish, lighting and signage. | ||
| 650 | _aMANAGEMENT-BUSINESS MANAGEMENT-DISCRIMINATION-DISABILITY DISCRIMINATION-ACCESSIBILITY | ||
| 650 | _aDISABILITY DISCRIMINATION ACT 1995 | ||
| 650 | _aCOLOUR | ||
| 650 | _aFINISHES | ||
| 650 | _aINCLUSIVE DESIGN | ||
| 650 | _aLIGHTING | ||
| 650 | _aSIGNS | ||
| 690 | _aBUILT ENVIRONMENT-CONSTRUCTION DESIGN | ||
| 942 | _n0 | ||
| 999 |
_c67576 _d67576 |
||